[Event "SRB-chT (Women)"]
[Site "Valjevo"]
[Date "2020.09.27"]
[Round "4.5"]
[White "Blagojevic, Tijana"]
[Black "Milanovic, Maja"]
[Result "1-0"]
[WhiteElo "2194"]
[BlackElo "1936"]
[PlyCount "89"]
[EventDate "2020.09.25"]
[EventType "team-tourn"]
[EventRounds "11"]
[EventCountry "SRB"]
[SourceTitle "CBM 198 Extra"]
[Source "ChessBase"]
[SourceDate "2020.11.30"]
[SourceVersion "1"]
[SourceVersionDate "2020.11.30"]
[SourceQuality "1"]
[WhiteTeam "Goracici Jelica (W)"]
[BlackTeam "Sremska Mitrovica Sirmium (W)"]
[WhiteTeamCountry "SRB"]
[BlackTeamCountry "SRB"]

1. e4 c5 2. Nf3 e6 3. c4 Qc7 4. Nc3 a6 5. d4 cxd4 6. Nxd4 b6 7. a3 Bb7 8. Be3 Nf6 9. f3 Be7 10. Rc1 0-0 11. Be2 d6 12. 0-0 Nbd7 13. b4 Rac8 14. Qd2 Qb8 15. Rc2 Bd8 16. Kh1 Bc7 17. Bg1 h5 18. Rb1 Ne5 19. b5 a5 20. f4 Ng6 21. Nc6 Qa8 22. Bf3 Rfe8 23. Na4 Nh4 24. Nxb6 Bxb6 25. Bxb6 Nxf3 26. gxf3 Bxc6 27. bxc6 Rxc6 28. Qg2 g6 29. Bd4 Nd7 30. Rg1 Kh7 31. f5 Rg8 32. Qh3 Qe8 33. Rcg2 e5 34. Rg5 Nf6 35. Bf2 Qf8 36. Bh4 Qh6 37. fxg6+ Rxg6 38. Qf5 Qg7 39. Rxg6 fxg6 40. Qxf6 Qxf6 41. Bxf6 Rxc4 42. Rd1 Rc3 43. Kg2 Rxa3 44. Rxd6 Ra2+ 45. Kg3 1-0

[Event "Paracin Summer op-A 11th"]
[Site "Paracin"]
[Date "2018.07.07"]
[Round "2"]
[White "Sahajasri, Cholleti"]
[Black "Milanovic, Maja"]
[Result "1-0"]
[WhiteElo "2169"]
[BlackElo "1955"]
[PlyCount "85"]
[EventDate "2018.07.06"]
[EventType "swiss"]
[EventRounds "9"]
[EventCountry "SRB"]
[SourceTitle "CBM 185 Extra"]
[Source "ChessBase"]
[SourceDate "2018.07.29"]
[SourceVersion "1"]
[SourceVersionDate "2018.07.29"]
[SourceQuality "1"]

1. Nf3 Nf6 2. c4 e6 3. g3 b6 4. Bg2 Bb7 5. 0-0 c5 6. Nc3 a6 7. d4 cxd4 8. Qxd4 Nc6 9. Qf4 Ne7 10. Rd1 Ng6 11. Qd2 h5 12. Qd3 Rc8 13. b3 Qc7 14. Bb2 h4 15. Rac1 Bc5 16. Na4 Bxf2+ 17. Kxf2 hxg3+ 18. hxg3 Ne4+ 19. Ke3 Qxg3 20. Qxd7+ Kf8 21. Ba3+ Kg8 22. Qxc8+ Bxc8 23. Rd8+ Nf8 24. Rxf8+ Kh7 25. Rh1+ Kg6 26. Rfxh8 Bb7 27. R8h4 Qf2+ 28. Kd3 Ng3 29. Rg4+ Kf5 30. Rxg3 Qxg3 31. Rh3 Be4+ 32. Kc3 Qf2 33. Bc1 Kf6 34. Bg5+ Kg6 35. Bd2 Qxe2 36. Ne5+ Kf6 37. Bxe4 Qxe4 38. Rf3+ Kxe5 39. Re3 b5 40. Rxe4+ Kxe4 41. Nc5+ Ke5 42. cxb5 axb5 43. Kb4 1-0

[Event "Skopje U2200 op"]
[Site "Skopje"]
[Date "2017.12.07"]
[Round "1"]
[White "Mikluc, Davorin"]
[Black "Milanovic, Maja"]
[Result "1-0"]
[WhiteElo "2146"]
[BlackElo "1918"]
[PlyCount "40"]
[EventDate "2017.12.07"]
[EventType "swiss"]
[EventRounds "7"]
[EventCountry "MKD"]
[SourceTitle "CBM 182 Extra"]
[Source "ChessBase"]
[SourceDate "2018.02.23"]
[SourceVersion "1"]
[SourceVersionDate "2018.02.23"]
[SourceQuality "1"]

1. e4 c5 2. Nf3 e6 3. Nc3 a6 4. Be2 Nc6 5. 0-0 Qc7 6. d4 cxd4 7. Nxd4 Nf6 8. a3 Be7 9. Be3 0-0 10. Nxc6 bxc6 11. f3 d5 12. Qe1 c5 13. Bg5 Bb7 14. Bd1 d4 15. Ne2 Nd5 16. Bxe7 Nxe7 17. b4 cxb4 18. Qxb4 e5 19. Ng3 a5 20. Qd2 Ba6 1-0

[Event "Belgrade Trophy 31st"]
[Site "Belgrade"]
[Date "2017.11.24"]
[Round "1"]
[White "Andrijevic, Milan"]
[Black "Milanovic, Maja"]
[Result "0-1"]
[WhiteElo "2293"]
[BlackElo "1918"]
[PlyCount "70"]
[EventDate "2017.11.24"]
[EventType "swiss"]
[EventRounds "9"]
[EventCountry "SRB"]
[SourceTitle "CBM 181 Extra"]
[Source "ChessBase"]
[SourceDate "2017.12.12"]
[SourceVersion "1"]
[SourceVersionDate "2017.12.12"]
[SourceQuality "1"]

1. e4 c5 2. Nf3 e6 3. d4 cxd4 4. Nxd4 a6 5. Be2 Qc7 6. 0-0 Nf6 7. Nc3 Be7 8. f4 d6 9. Kh1 0-0 10. a4 Bd7 11. Be3 Nc6 12. Nb3 Na5 13. e5 Ne8 14. Nxa5 Qxa5 15. Bd4 d5 16. Bd3 g6 17. g4 Bc5 18. Bxc5 Qxc5 19. Qd2 Bc6 20. Qf2 Qxf2 21. Rxf2 d4+ 22. Ne4 f5 23. exf6 Nxf6 24. Re2 Nxg4 25. Kg1 Rxf4 26. Ng3 Ne3 27. c3 e5 28. cxd4 exd4 29. a5 Raf8 30. Rd2 h5 31. Be2 h4 32. Nf1 R8f5 33. Nxe3 dxe3 34. Rd8+ Kg7 35. h3 Rf2 0-1

[Event "Belgrade Nedeljkovic Memorial 10th"]
[Site "Belgrade"]
[Date "2017.05.27"]
[Round "4"]
[White "Milanovic, Maja"]
[Black "Velikic, Adela"]
[Result "0-1"]
[WhiteElo "1696"]
[BlackElo "2151"]
[PlyCount "96"]
[EventDate "2017.05.26"]
[EventType "tourn (rapid)"]
[EventRounds "7"]
[EventCountry "SRB"]
[SourceTitle "EXT 2018"]
[Source "ChessBase"]
[SourceDate "2017.10.13"]
[SourceVersion "1"]
[SourceVersionDate "2017.10.13"]
[SourceQuality "1"]

1. e4 c6 2. d4 d5 3. exd5 cxd5 4. c3 Nc6 5. Bd3 Qc7 6. h3 e6 7. Nf3 Bd6 8. 0-0 Nge7 9. Na3 a6 10. Nc2 Bd7 11. b4 Ng6 12. Bxg6 hxg6 13. Re1 0-0 14. Ne3 Ne7 15. Bb2 b5 16. Ng4 a5 17. a3 Nc8 18. Nge5 Nb6 19. Nd3 Nc4 20. Qe2 Rac8 21. Nc5 Rfe8 22. Nb3 a4 23. Nc5 e5 24. Nxd7 Qxd7 25. dxe5 Bxe5 26. Nxe5 Rxe5 27. Qc2 Rce8 28. Rxe5 Rxe5 29. Rd1 Qe6 30. Bc1 Re2 31. Qd3 Re1+ 32. Kh2 Qe5+ 33. g3 Rxd1 34. Qxd1 Qxc3 35. Bf4 d4 36. Qe2 Qb2 37. Qe8+ Kh7 38. Kg2 f6 39. h4 Qc2 40. h5 g5 41. Bb8 Nd2 42. h6 Qg6 43. Qd8 Qe4+ 44. Kh3 Qh1+ 45. Kg4 Qf3+ 46. Kh3 g4+ 47. Kh4 Qf5 48. Bf4 Nf3# 0-1

[Event "Belgrade Nedeljkovic Memorial 10th"]
[Site "Belgrade"]
[Date "2017.05.26"]
[Round "1"]
[White "Milanovic, Maja"]
[Black "Eric, Jovana"]
[Result "0-1"]
[WhiteElo "1696"]
[BlackElo "2145"]
[PlyCount "74"]
[EventDate "2017.05.26"]
[EventType "tourn (rapid)"]
[EventRounds "7"]
[EventCountry "SRB"]
[SourceTitle "EXT 2018"]
[Source "ChessBase"]
[SourceDate "2017.10.13"]
[SourceVersion "1"]
[SourceVersionDate "2017.10.13"]
[SourceQuality "1"]

1. e4 e6 2. d4 d5 3. Nc3 Nf6 4. Bg5 Bb4 5. Nge2 dxe4 6. a3 Be7 7. Bxf6 gxf6 8. Nxe4 b6 9. f3 Bb7 10. Qd3 f5 11. N4g3 Nd7 12. 0-0-0 Nf6 13. Kb1 Qd7 14. Nf4 0-0-0 15. Be2 h5 16. Qb3 h4 17. Nf1 Kb8 18. Ne3 c6 19. c4 Qc7 20. Nh3 Rhg8 21. a4 c5 22. d5 f4 23. Ng4 exd5 24. Nxf6 Bxf6 25. cxd5 Rxg2 26. Qc4 Bxd5 27. Rxd5 Rxd5 28. Nxf4 Rd4 29. Qxd4 Bxd4 30. Nxg2 h3 31. Ne1 Qe5 32. Bd3 Bxb2 33. Be4 c4 34. Nc2 Bc3 35. Rd1 Qxh2 36. Rd7 Qg1+ 37. Ka2 h2 0-1

[Event "Belgrade Nedeljkovic Memorial 10th"]
[Site "Belgrade"]
[Date "2017.05.26"]
[Round "3"]
[White "Milutinovic, Stefana"]
[Black "Milanovic, Maja"]
[Result "1-0"]
[WhiteElo "1812"]
[BlackElo "1696"]
[PlyCount "73"]
[EventDate "2017.05.26"]
[EventType "tourn (rapid)"]
[EventRounds "7"]
[EventCountry "SRB"]
[SourceTitle "EXT 2018"]
[Source "ChessBase"]
[SourceDate "2017.10.13"]
[SourceVersion "1"]
[SourceVersionDate "2017.10.13"]
[SourceQuality "1"]

1. d4 Nf6 2. Nc3 c5 3. d5 b5 4. Nxb5 Qa5+ 5. Nc3 Ne4 6. Qd3 f5 7. Bd2 Nxd2 8. Qxd2 g6 9. e4 Bg7 10. exf5 Qb4 11. Rb1 gxf5 12. Bd3 Rf8 13. Nf3 Bb7 14. Nb5 Qg4 15. Nc7+ Kd8 16. Nxa8 Bxa8 17. c4 Qxg2 18. Ke2 Bd4 19. Nxd4 cxd4 20. Rbg1 Qh3 21. Qf4 Qh5+ 22. Qf3 Qxf3+ 23. Kxf3 e5 24. Ke2 e4 25. Bb1 d3+ 26. Ke3 Na6 27. Rg7 Nc5 28. Kd4 Na4 29. b3 Nb2 30. Kc3 f4 31. Kxb2 d2 32. Bxe4 f3 33. Kc2 Rf4 34. Kd3 Bb7 35. Rg8+ Kc7 36. d6+ Kxd6 37. Bxb7 1-0

[Event "Skopje Karposh op"]
[Site "Skopje"]
[Date "2015.03.31"]
[Round "6"]
[White "Yordanova, Svetla"]
[Black "Milanovic, Maja"]
[Result "1-0"]
[WhiteElo "2101"]
[BlackElo "1935"]
[PlyCount "67"]
[EventDate "2015.03.27"]
[EventType "swiss"]
[EventRounds "9"]
[EventCountry "MKD"]
[SourceTitle "CBM 165 Extra"]
[Source "ChessBase"]
[SourceDate "2015.04.21"]
[SourceVersion "1"]
[SourceVersionDate "2015.04.21"]
[SourceQuality "1"]

1. d4 Nf6 2. c4 c5 3. d5 b5 4. a4 b4 5. Nd2 e5 6. e4 d6 7. Bd3 Be7 8. Ngf3 0-0 9. h3 Na6 10. b3 Nc7 11. g4 Bd7 12. Nf1 Nfe8 13. Ng3 g6 14. Qc2 Ng7 15. Bb2 Kh8 16. 0-0-0 Rb8 17. Rdg1 Na6 18. Qe2 Qe8 19. Kc2 Rb6 20. Ra1 Qc8 21. Nd2 Bg5 22. Rag1 Qe8 23. h4 Bf4 24. h5 g5 25. h6 Bxg3 26. hxg7+ Kxg7 27. Rxg3 f6 28. Rgh3 Rh8 29. Rh5 h6 30. f3 Rh7 31. Qh2 Qh8 32. Nf1 Be8 33. Rh3 Bg6 34. Ng3 1-0

[Event "SRB-chT (Women)"]
[Site "Palic"]
[Date "2014.09.07"]
[Round "9.1"]
[White "Milanovic, Maja"]
[Black "Rakic, Marija"]
[Result "0-1"]
[WhiteElo "1920"]
[BlackElo "2323"]
[PlyCount "54"]
[EventDate "2014.08.30"]
[EventType "team-tourn"]
[EventRounds "11"]
[EventCountry "SRB"]
[SourceTitle "CBM 162 Extra"]
[Source "ChessBase"]
[SourceDate "2014.10.17"]
[SourceVersion "1"]
[SourceVersionDate "2014.10.17"]
[SourceQuality "1"]
[WhiteTeam "Novi Sad SK (W)"]
[BlackTeam "Goracici Jelica (W)"]
[WhiteTeamCountry "SRB"]
[BlackTeamCountry "SRB"]

1. e4 c5 2. Nf3 d6 3. d4 cxd4 4. Nxd4 Nf6 5. Nc3 e6 6. Be3 Be7 7. g4 h6 8. h3 Nc6 9. Qe2 Bd7 10. 0-0-0 Nxd4 11. Bxd4 e5 12. Be3 Qa5 13. Bg2 Rc8 14. Qd3 a6 15. Kb1 Be6 16. Nd5 Bxd5 17. exd5 Nd7 18. f4 exf4 19. Bxf4 0-0 20. Rhe1 Bh4 21. Bg3 Bf6 22. Bxd6 Qb6 23. Ba3 Rc3 24. Qxc3 Bxc3 25. Re7 Nc5 26. Kc1 Bf6 27. Bxc5 Qxb2+ 0-1

[Event "SRB-ch (Women) 8th"]
[Site "Apatin"]
[Date "2014.04.03"]
[Round "8"]
[White "Djukic, Sandra"]
[Black "Milanovic, Maja"]
[Result "1/2-1/2"]
[WhiteElo "2181"]
[BlackElo "1929"]
[PlyCount "81"]
[EventDate "2014.03.27"]
[EventType "tourn"]
[EventRounds "11"]
[EventCountry "SRB"]
[SourceTitle "CBM 159 Extra"]
[Source "ChessBase"]
[SourceDate "2014.04.24"]
[SourceVersion "1"]
[SourceVersionDate "2014.04.24"]
[SourceQuality "1"]

1. d4 Nf6 2. c4 c5 3. d5 b5 4. cxb5 a6 5. bxa6 Bxa6 6. Nc3 d6 7. Nf3 g6 8. e4 Bxf1 9. Kxf1 Bg7 10. g3 0-0 11. Kg2 Nbd7 12. a4 Qa5 13. Bd2 Rfb8 14. Nb5 Qb6 15. Re1 Ng4 16. h3 Nge5 17. Nxe5 Nxe5 18. Bc3 Qb7 19. Qe2 Ra6 20. Ra3 Nd7 21. Bxg7 Kxg7 22. b3 Nb6 23. Raa1 Rba8 24. Rac1 Rc8 25. Na3 Na8 26. Nb5 Nc7 27. Nxc7 Rxc7 28. Rc3 Qb4 29. Qxa6 Qxc3 30. Re3 Qb4 31. Qd3 f6 32. h4 Qa5 33. Qc3 Qa7 34. Qc4 Rb7 35. Rc3 Rb4 36. Qd3 Qb6 37. Qf3 Qa5 38. Re3 c4 39. bxc4 Rxc4 40. h5 Qxa4 41. hxg6 1/2-1/2

[Event "SRB-ch (Women) 8th"]
[Site "Apatin"]
[Date "2014.04.02"]
[Round "7"]
[White "Benderac, Ana"]
[Black "Milanovic, Maja"]
[Result "1-0"]
[WhiteElo "2229"]
[BlackElo "1929"]
[PlyCount "67"]
[EventDate "2014.03.27"]
[EventType "tourn"]
[EventRounds "11"]
[EventCountry "SRB"]
[SourceTitle "CBM 159 Extra"]
[Source "ChessBase"]
[SourceDate "2014.04.24"]
[SourceVersion "1"]
[SourceVersionDate "2014.04.24"]
[SourceQuality "1"]

1. Nf3 Nf6 2. c4 c5 3. Nc3 e6 4. g3 b6 5. Bg2 Bb7 6. 0-0 a6 7. Re1 Qc7 8. e4 d6 9. d4 cxd4 10. Nxd4 Nfd7 11. b3 Nc6 12. Bb2 Be7 13. Nxc6 Bxc6 14. Qg4 h5 15. Qxg7 Bf6 16. Nd5 Bxg7 17. Nxc7+ Kd8 18. Bxg7 Kxc7 19. Bxh8 Rxh8 20. Rad1 e5 21. Rd2 Nc5 22. Red1 Rh6 23. f3 a5 24. h4 Rg6 25. Kh2 Bd7 26. Bh3 Bc6 27. Bf5 Rf6 28. Kg2 Bd7 29. g4 Bxf5 30. gxf5 Na6 31. Kf2 Nb4 32. Rg1 Kd7 33. Rg7 Ke7 34. Rh7 1-0

[Event "SRB-ch (Women) 8th"]
[Site "Apatin"]
[Date "2014.03.29"]
[Round "3"]
[White "Stojanovic, Andjelija"]
[Black "Milanovic, Maja"]
[Result "1-0"]
[WhiteElo "2295"]
[BlackElo "1929"]
[PlyCount "57"]
[EventDate "2014.03.27"]
[EventType "tourn"]
[EventRounds "11"]
[EventCountry "SRB"]
[SourceTitle "CBM 159 Extra"]
[Source "ChessBase"]
[SourceDate "2014.04.24"]
[SourceVersion "1"]
[SourceVersionDate "2014.04.24"]
[SourceQuality "1"]

1. d4 Nf6 2. Nc3 e6 3. e4 Bb4 4. e5 Nd5 5. Bd2 0-0 6. Bd3 f5 7. Nxd5 Bxd2+ 8. Qxd2 exd5 9. Qa5 Kh8 10. Qxd5 Qe7 11. 0-0-0 Nc6 12. Nf3 Nb4 13. Qc4 d5 14. exd6 Qxd6 15. Rhe1 Bd7 16. Ne5 Nd5 17. Qc5 Qh6+ 18. Kb1 Be6 19. c4 b6 20. Qc6 Nb4 21. Qxc7 Rfc8 22. Qe7 Nxd3 23. Rxd3 Qf6 24. Qxf6 gxf6 25. d5 Bg8 26. Nc6 a6 27. b3 b5 28. Re7 h6 29. Rh3 1-0

[Event "SRB-chT (Women)"]
[Site "Kragujevac"]
[Date "2013.09.02"]
[Round "10.1"]
[White "Tomin, Ksenija"]
[Black "Milanovic, Maja"]
[Result "1-0"]
[WhiteElo "1926"]
[BlackElo "1953"]
[PlyCount "111"]
[EventDate "2013.08.24"]
[EventType "team-tourn"]
[EventRounds "11"]
[EventCountry "SRB"]
[SourceTitle "CBM 156 Extra"]
[Source "ChessBase"]
[SourceDate "2013.10.22"]
[SourceVersion "1"]
[SourceVersionDate "2013.10.22"]
[SourceQuality "1"]
[WhiteTeam "Petrovaradin (W)"]
[BlackTeam "Belgrade Nestor (W)"]
[WhiteTeamCountry "SRB"]
[BlackTeamCountry "SRB"]

1. e4 c5 2. Nf3 e6 3. c3 Nf6 4. e5 Nd5 5. d4 cxd4 6. cxd4 d6 7. Bc4 Nc6 8. 0-0 Be7 9. exd6 Qxd6 10. Nc3 Nxc3 11. bxc3 0-0 12. Re1 Bd7 13. Ng5 Qc7 14. Bd3 g6 15. Nxh7 Rfd8 16. Qd2 Qa5 17. Qh6 Qh5 18. Qxh5 gxh5 19. Ng5 Kg7 20. Rb1 b6 21. Bb5 Na5 22. Be2 Kg6 23. Bd3+ Kg7 24. Nf3 f6 25. Bb5 Rac8 26. Bxd7 Rxd7 27. Rxe6 Rxc3 28. Bd2 Ra3 29. Rbe1 Bf8 30. Bxa5 Rxa5 31. R1e2 Rc7 32. g3 Rc1+ 33. Kg2 Ra1 34. Rc2 Kf7 35. Rec6 R1xa2 36. Rc7+ Be7 37. R2c3 R2a3 38. R3c6 Ra2 39. Rb7 Re2 40. Ng1 Re6 41. Rcc7 Rd5 42. Rxa7 Rxd4 43. Rcb7 Rb4 44. Nh3 Rb1 45. Nf4 Re5 46. Nxh5 b5 47. Nf4 b4 48. h4 b3 49. h5 b2 50. Nd3 Re2 51. Ra2 Rg1+ 52. Kxg1 b1Q+ 53. Rxb1 Rxa2 54. Rb7 Rd2 55. Nf4 Ke8 56. h6 1-0

[Event "SRB-ch U20 Girls"]
[Site "Donji Milanovac"]
[Date "2013.08.18"]
[Round "5"]
[White "Petrovic, Danijela"]
[Black "Milanovic, Maja"]
[Result "0-1"]
[WhiteElo "1923"]
[BlackElo "1953"]
[PlyCount "62"]
[EventDate "2013.08.15"]
[EventType "tourn"]
[EventRounds "9"]
[EventCountry "SRB"]
[SourceTitle "CBM 156 Extra"]
[Source "ChessBase"]
[SourceDate "2013.10.22"]
[SourceVersion "1"]
[SourceVersionDate "2013.10.22"]
[SourceQuality "1"]

1. e4 c5 2. Nf3 e6 3. d4 cxd4 4. Nxd4 a6 5. Bd3 Qc7 6. 0-0 Nf6 7. c4 b6 8. Nc3 Bb7 9. f4 d6 10. Re1 Nbd7 11. b3 Be7 12. Qf3 Nc5 13. Bc2 0-0 14. Qg3 Rfd8 15. b4 Ncd7 16. Bb3 Rac8 17. e5 dxe5 18. fxe5 Bxb4 19. Bb2 Bxc3 20. Bxc3 Ne4 21. Qh3 Nxc3 22. Qxc3 Qc5 23. Kh1 b5 24. Rad1 bxc4 25. Bc2 Nxe5 26. Nxe6 fxe6 27. Bxh7+ Kxh7 28. Qh3+ Kg8 29. Qxe6+ Nf7 30. Rd7 Rxd7 31. Qxd7 Qd5 0-1

[Event "SRB-ch U20 Girls"]
[Site "Donji Milanovac"]
[Date "2013.08.16"]
[Round "1"]
[White "Velikic, Adela"]
[Black "Milanovic, Maja"]
[Result "1-0"]
[WhiteElo "1999"]
[BlackElo "1953"]
[PlyCount "95"]
[EventDate "2013.08.15"]
[EventType "tourn"]
[EventRounds "9"]
[EventCountry "SRB"]
[SourceTitle "CBM 156 Extra"]
[Source "ChessBase"]
[SourceDate "2013.10.22"]
[SourceVersion "1"]
[SourceVersionDate "2013.10.22"]
[SourceQuality "1"]

1. d4 Nf6 2. c4 c5 3. d5 b5 4. cxb5 a6 5. bxa6 Bxa6 6. Nc3 d6 7. Nf3 g6 8. e4 Bxf1 9. Kxf1 Bg7 10. g3 0-0 11. Kg2 Nbd7 12. h3 Qa5 13. Re1 Rfb8 14. Qc2 Ne8 15. Bd2 Nb6 16. Nd1 Qb5 17. Bc3 Bxc3 18. Nxc3 Qa6 19. a4 Nc7 20. b3 Qa5 21. Rab1 Na6 22. Nb5 Nb4 23. Qd2 f6 24. h4 Nd7 25. h5 Kg7 26. Rh1 Rh8 27. Rh4 Rac8 28. Rbh1 Qa8 29. hxg6 hxg6 30. Nc7 Rxh4 31. Nxa8 Rxh1 32. Kxh1 Rxa8 33. Kg2 Rb8 34. Qe2 Rb7 35. Nh4 Nf8 36. Qg4 Kf7 37. Qc8 Ra7 38. Nf3 Nd3 39. Qb8 Ra6 40. Qb5 Nb4 41. Nd4 cxd4 42. Qxb4 Nd7 43. Qxd4 Nc5 44. Qc4 Rb6 45. a5 Rb8 46. b4 Nd7 47. a6 Ke8 48. Qc6 1-0

[Event "SRB-ch U20 Girls"]
[Site "Donji Milanovac"]
[Date "2013.08.16"]
[Round "3"]
[White "Zarkovic, Mila"]
[Black "Milanovic, Maja"]
[Result "1-0"]
[WhiteElo "2079"]
[BlackElo "1953"]
[PlyCount "65"]
[EventDate "2013.08.15"]
[EventType "tourn"]
[EventRounds "9"]
[EventCountry "SRB"]
[SourceTitle "CBM 156 Extra"]
[Source "ChessBase"]
[SourceDate "2013.10.22"]
[SourceVersion "1"]
[SourceVersionDate "2013.10.22"]
[SourceQuality "1"]

1. e4 c5 2. Nf3 e6 3. d4 cxd4 4. Nxd4 a6 5. Nc3 Qc7 6. Bd3 Nf6 7. 0-0 b5 8. Kh1 Bb7 9. Qe2 d6 10. f4 Nbd7 11. Bd2 Be7 12. Rae1 h5 13. e5 dxe5 14. fxe5 Ng4 15. Bf4 Qb6 16. Be4 Bxe4 17. Qxe4 Rc8 18. h3 g5 19. Bg3 h4 20. Qxg4 hxg3 21. Nf3 Rc4 22. Re4 Nxe5 23. Nxe5 f5 24. Qd1 Rc7 25. Ng6 Rh6 26. Nxe7 Rxe7 27. Qd4 Qc6 28. Qe5 Qb7 29. Qxg3 fxe4 30. Qxg5 Rhh7 31. Qg6+ Kd7 32. Nxe4 Qd5 33. Nf6+ 1-0